000 01159nam a2200301 a 4500
001 000112551
003 CHAP
005 20220329144312.0
008 160616s2016 mx sm |||||||spa d
010 _a109012
011 _a109984
040 _cCHAP
090 _aTesis
100 1 _aRojas González, Yunuen Socorro
_9126774
245 1 0 _aDisponibilidad y calidad forrajera de tres arbustos del sistema silvopastoril tradicional en la reserva de la biósfera Tehuacán-Cuicatlán
_h[En línea]
_cpor Yunuen Socorro Rojas González.
260 _aChapingo, Méx. :
_bEl autor,
_c2016.
500 _aPara ver el contenido del material haga clic en la liga
502 _aTesis (M. C. en Agroforestería para el Desarrollo Sostenible) -- UACH. Departamento de Suelos
590 _aE5765TAJ
_b05
_c20160616
_lUCH01
_h0908
590 _aE5765TAJ
_b05
_c20160616
_lUCH01
_h0909
650 1 4 _aArbustos como forraje
_96754
650 1 4 _aArbustos
_xFisiología y morfología
_96728
650 1 4 _aArbustos
_xValor nutritivo
_96748
856 _aFinding aid
_uhttp://10.13.5.2/tesis/sist112551.pdf
_zTeclea aquí
901 _aBK
942 _cTESIS
942 _n0
999 _c109012
_d109012